D'où viennent ces langues fictives ? - Statistiques

Statistiques générales
  • Ce quiz a été pris 201 fois
  • Le résultat moyen est 5 sur 15
Statistiques - réponses
Langues Oeuvres % Correct
Fourchelang Harry Potter
98%
Na'vi Avatar
84%
Sindarin Le Seigneur des Anneaux
60%
Dothraki Game of Thrones
57%
Klingon Star Trek
50%
Mando'a Star Wars
41%
Syldave Tintin
27%
Atlante Atlantide, l'empire perdu
26%
Goa'uld Stargate
16%
Draconique Skyrim
12%
Galach Dune
10%
Nadsat Orange Mécanique
2%
Goréen Chroniques de Gor
0%
Langue divine Le cinquième élément
0%
Ku L'interprète
0%
Aucun quiz correspondant
Distribution des résultats
% des personnes avec chaque résultat
Percentile par nombre de réponses
Votre historique - résultats
Vous n’avez pas pris ce quiz